INOVASI : (Record no. 4654)

000 -LEADER
fixed length control field nam a22 a 4500
003 - CONTROL NUMBER IDENTIFIER
control field AKMAL
005 - DATE AND TIME OF LATEST TRANSACTION
control field 20170727101131.0
008 - FIXED-LENGTH DATA ELEMENTS--GENERAL INFORMATION
fixed length control field 170727t20102015my ao g 001 0 may d
020 ## - INTERNATIONAL STANDARD BOOK NUMBER
International Standard Book Number 9789674307257
Qualifying information paperback
Terms of availability RM20.00
020 ## - INTERNATIONAL STANDARD BOOK NUMBER
International Standard Book Number 9789670798462
Qualifying information set
040 ## - CATALOGING SOURCE
Original cataloging agency BNM
082 04 - DEWEY DECIMAL CLASSIFICATION NUMBER
Classification number 338.064 DOD
Edition number 23
090 00 - LOCALLY ASSIGNED LC-TYPE CALL NUMBER (OCLC); LOCAL CALL NUMBER (RLIN)
Classification number (OCLC) (R) ; Classification number, CALL (RLIN) (NR) 338.064
Local cutter number (OCLC) ; Book number/undivided call number, CALL (RLIN) DOD
100 1# - MAIN ENTRY--PERSONAL NAME
Personal name Dodgson, Mark,
Dates associated with a name 1957-
Relator term author.
9 (RLIN) 8966
245 10 - TITLE STATEMENT
Title INOVASI :
Remainder of title Pengenalan Ringkas /
Statement of responsibility, etc. Mark Dodgson & David Gann ; Penterjemah Amir Sharifudin Zainuddin
246 13 - VARYING FORM OF TITLE
Display text Translation of:
Title proper/short title Innovation : a very short introduction
264 #1 - PRODUCTION, PUBLICATION, DISTRIBUTION, MANUFACTURE, AND COPYRIGHT NOTICE
Place of production, publication, distribution, manufacture Kuala Lumpur :
Name of producer, publisher, distributor, manufacturer Institut Terjemahan & Buku Malaysia,
Date of production, publication, distribution, manufacture, or copyright notice 2015
264 #4 - PRODUCTION, PUBLICATION, DISTRIBUTION, MANUFACTURE, AND COPYRIGHT NOTICE
Date of production, publication, distribution, manufacture, or copyright notice ©2010
300 ## - PHYSICAL DESCRIPTION
Extent xiii, 189 pages :
Other physical details photographs ;
Dimensions 18 cm
500 ## - GENERAL NOTE
General note Includes index
504 ## - BIBLIOGRAPHY, ETC. NOTE
Bibliography, etc. note Bibliography: pages 179-182
650 10 - SUBJECT ADDED ENTRY--TOPICAL TERM
Topical term or geographic name entry element Technological innovations
9 (RLIN) 1037
700 1# - ADDED ENTRY--PERSONAL NAME
Personal name Gann, David,
Relator term author.
9 (RLIN) 8967
700 0# - ADDED ENTRY--PERSONAL NAME
Personal name Amir Sharifudin Zainuddin,
Relator term translator.
9 (RLIN) 8968
942 ## - ADDED ENTRY ELEMENTS (KOHA)
Source of classification or shelving scheme
Koha item type Book
950 ## - LOCAL HOLDINGS (RLIN)
Permanent shelving location, LOC (RLIN) AKMAL
Holdings
Withdrawn status Lost status Source of classification or shelving scheme Damaged status Not for loan Collection code Home library Current library Shelving location Date acquired Inventory number Total Checkouts Full call number Barcode Date last seen Price effective from Koha item type
          NON-FICTION AKMAL Melaka AKMAL Melaka PINJAMAN 27.07.2017 307149   338.064 DOD 201707488 27.07.2017 27.07.2017 Book
          NON-FICTION AKMAL Melaka AKMAL Melaka PINJAMAN 27.07.2017 307150   338.064 DOD 201707487 27.07.2017 27.07.2017 Book
          NON-FICTION AKMAL Melaka AKMAL Melaka PINJAMAN 27.07.2017 307151   338.064 DOD 201707486 27.07.2017 27.07.2017 Book
Pusat Sumber Maklumat Dato' Haji Sarmin Md Hussin, Akademi Kastam Diraja Malaysia, Melaka
Tel: 06-2331106 | Faks: 06-2313787